| 000 | 00327 a2200085 4500 | ||
|---|---|---|---|
| 100 | 1 |
_aTrębicki, Józef. _eAutor |
|
| 245 | 0 |
_aPomiary błędów transmisji danych międzymiastowych połączeń telefonicznych Ab-Ab / _cTrębicki Józef. |
|
| 710 | 2 |
_aInstytut Łączności. _eWydawca _4pbl |
|
| 260 |
_aWarszawa : _bIŁ, _c1973. |
||
| 300 |
_aIII,61 s.; _c34 cm. |
||
| 999 |
_c16810 _d16810 |
||